| 000 | 00415 a2200133 4500 | ||
|---|---|---|---|
| 020 | _a0784400164 (pbk.) | ||
| 082 | _a624.151363 FOR | ||
| 100 | _aForrester, Kevin, | ||
| 245 |
_aSubsurface drainage for slope stabilization / _cKevin Forrester. |
||
| 260 |
_aReston, Va. : _bASCE Press, _c2001. |
||
| 300 |
_axiii, 208 p. : _bill. ; _c23 cm. |
||
| 650 | _aSoil stabilization. | ||
| 650 | _aSlopes (Soil mechanics) | ||
| 650 | _aSubsurface drainage. | ||
| 999 |
_c1224 _d1224 |
||